=LDR 00000nam 2200000 4500 =001 000937 =005 20250712010600 =035 ##$$a 0010-0725000815 =007 ta =008 250712################a##########0#ind## =020 ##$$a 978-623-307-198-7 =082 ##$$a 398. 209 598 =084 ##$$a 398. 209 598 TYA s =100 #$$a Tyas KW =245 1#$$a Satwa Misteri Ayah =250 ##$$a Cetakan Kedua =260 ##$$a Jakarta Timur :$b Badan Pengembangan dan Pembinaan Bahasa,$c 2024 =300 ##$$a 28 hlm. : $b Ilus. ; $c 29,7 cm =650 #4$$a Cerita Anak-Indonesia =600 #4$$a Literasi-Bahan Bacaan =990 ##$$a TBM202400630